00577nam a2200181Ia 4500003000900000008004100009020002200050040001600072080001600088100002400104245012600128260004200254300001400296650001900310650002400329650002200353650002000375IN-BaIIA211028s9999 xx 000 0 eng d a978-3-527-40947-1 cIIA Library a539.17bHAU aHau-Reige, Stefan P 0aHigh-intensity X-rays-interaction with matterbprocesses in plasmas, clusters, molecules, and solidscStefan P. Hau-Reige aWeinheimbWiley-VCH Verlag Gmbhc2011 axv, 269p. aAtomic physics aElctromagnetic wave aElectron dynamics aX-ray radiation